000 00305cam a22001097a 4500
008 180718b2005 xxu||||| |||| 00| 0 eng d
082 _aBA27x54 SH23
100 _aSharma, Ganesh Sanker
245 _aAadivasi viddroh
_cGanesh Sanker Sharma
260 _aNagpur
_bVishvabharti Prakashan
_c2005
300 _a83p.
999 _c438941
_d438941